Riconosci la Squadra di calcio - Quiz n°83 - Statistics

Statistiche generali
  • Questo quiz è stato fatto 6 volte
  • Il punteggio medio è 9 su 13
Statistiche sulle risposte
Indizio Risposta % Corretto
Titoli nazionali 0
100%
Divisione nazionale 2023-2024 Quarta
100%
Colori sociali Rosso, blu
100%
Trofei nazionali 0
67%
Trofei internazionali 0
67%
Fondazione 1927
67%
Rifondazione 1994
67%
Simboli Aquila
67%
Rifondazione 2004
50%
Rifondazione 2018
50%
Capienza Stadio 6 783 posti
50%
Confederazione UEFA
50%
Squadra L'Aquila
33%
Nessun quiz corrispondente trovato
Distribuzione punteggi
Percentuale di utenti per punteggio
Percentile per numero di risposta
I tuoi punteggi nel tempo
Non hai fatto questo quiz